UBT Library

A billion bootstraps : (Record no. 923)

000 -LEADER
fixed length control field 00576nam a22001937a 4500
008 - FIXED-LENGTH DATA ELEMENTS--GENERAL INFORMATION
fixed length control field 150528b xxu||||| |||| 00| 0 eng d
020 ## - INTERNATIONAL STANDARD BOOK NUMBER
International Standard Book Number 9780071489973
020 ## - INTERNATIONAL STANDARD BOOK NUMBER
International Standard Book Number 0071489975
041 0# - LANGUAGE CODE
Language code of text/sound track or separate title eng
080 ## - UNIVERSAL DECIMAL CLASSIFICATION NUMBER
Universal Decimal Classification number 338
100 ## - Rafti
Rafti Smith, Philip B.
245 00 - TITLE STATEMENT
Title A billion bootstraps :
Statement of responsibility, etc Phil Smith, Eric Thurman.
260 ## -
-- New York :
-- McGraw-Hill,
-- c2007.
300 ## -
-- 224 f
-- me il
-- 24 cm.
500 ## -
-- index
650 ## -
-- Micro finance
700 ## -
-- Thurman, Eric.
942 ## - ADDED ENTRY ELEMENTS (KOHA)
Source of classification or shelving scheme
Item type Books
Holdings
Withdrawn status Lost status Source of classification or shelving scheme Damaged status Not for loan Collection code Permanent location Current location Shelving location Date acquired Total Checkouts Full call number Barcode Date last seen Koha item type Price effective from
          Koleksioni i përgjithshem UBT - Lipjan UBT - Lipjan Koleksioni i përgjithshem 05/28/2015   338 SMI 002-008755 05/28/2015 Books  
          Koleksioni i përgjithshem UBT - Lipjan UBT - Lipjan Koleksioni i përgjithshem 11/01/2017   33 SMI 002-2935829 11/01/2017 Books 11/01/2017
          Koleksioni i përgjithshem UBT - Lipjan UBT - Lipjan Koleksioni i përgjithshem 11/01/2017   33 SMI 002-2935824 11/01/2017 Books 11/01/2017
          Koleksioni i përgjithshem UBT - Lipjan UBT - Lipjan Koleksioni i përgjithshem 11/01/2017   33 SMI 002-2935819 11/01/2017 Books 11/01/2017
          Koleksioni i përgjithshem UBT - Lipjan UBT - Lipjan Koleksioni i përgjithshem 11/01/2017   33 SMI 002-2935814 11/01/2017 Books 11/01/2017
          Koleksioni i përgjithshem UBT - Lipjan UBT - Lipjan Koleksioni i përgjithshem 11/01/2017   33 SMI 002-2935809 11/01/2017 Books 11/01/2017
          Koleksioni i përgjithshem UBT - Lipjan UBT - Lipjan Koleksioni i përgjithshem 11/01/2017   33 SMI 002-2935804 11/01/2017 Books 11/01/2017
          Koleksioni i përgjithshem UBT - Lipjan UBT - Lipjan Koleksioni i përgjithshem 11/01/2017   33 SMI 002-2935799 11/01/2017 Books 11/01/2017
          Koleksioni i përgjithshem UBT - Lipjan UBT - Lipjan Koleksioni i përgjithshem 11/01/2017   33 SMI 002-2935794 11/01/2017 Books 11/01/2017
          Koleksioni i përgjithshem UBT - Lipjan UBT - Lipjan Koleksioni i përgjithshem 11/01/2017   33 SMI 002-2935789 11/01/2017 Books 11/01/2017
          Koleksioni i përgjithshem UBT - Lipjan UBT - Lipjan Koleksioni i përgjithshem 11/01/2017   33 SMI 002-2935784 11/01/2017 Books 11/01/2017
UBT Library © 2015-2024. All rights reserved University Education for Business and Technology